Дело о переделке старых и об изготовлении вновь машин в Малом театре

Доступно только в Электронных читальных залах Найти на картеНа карте
RUSMARC
00003598nmc2a22000003x 450
0013ea5c549-3027-4823-a92b-5e2cf0cfa24a
00520181004105228.0
100##$a20161212l18131814k l0rusy0189 ca
1010#$arus
102##$aRU
2001#$aДело о переделке старых и об изготовлении вновь машин в Малом театре
$j17 декабря 1813 г. - 26 марта 1814 г.
251##$cДело
300##$aДело
801#0$aRU
$bРГИА
$c20161212
$gRCR
801#1$aRU
$bГлавНИВЦ
$c20161212
$2rusmarc
801#2$aRU
$bПБ им. Б.Н. Ельцина
$c20181004
$gRCR
$2rusmarc
850##$aРГИА
852##$aРГИА
$eФедеральное казенное учреждение "Российский государственный исторический архив" (РГИА)
$j1232
937##$hРГИА
$d12235748
$aASBIBLIO_SCAN
462#0$1001dd3991dc-24e1-42ec-8838-ca4255420416
$12001
$a1746-1850 гг.
$1251
$cОпись
$1852
$j1
461#0$10019264ebf8-de62-4f1a-9eb4-9f22098dbbd5
$12001
$aДирекция императорских театров МИДв
$1251
$cФонд
$1852
$j497
215##$a18 л.
$d36,5х26 см
371##$aДокумент не является опубликованным и широко распространяемым
105##$ay###
1222#$ad
035##$a3ea5c549-3027-4823-a92b-5e2cf0cfa24a
856##$uhttp://readingroom.main.prlib.ru/item.aspx?id_node=n118859555&mode=full
Формат отображения